000 00318nam a22001337a 4500
008 170331b xxu||||| |||| 00| 0 eng d
020 _a9780071387583
041 _aeng
080 _23RD
_a617
100 _a8
101 _aSHM
245 _aCURRENT DIAGNOSIS & TREATMENT IN ORTHOPEDICS
_cSKINNER, H.B
942 _2udc
_cBK
999 _c9319
_d9319